ESSENTIONALS OF BIOCHEMISTRY (Record no. 24925)

MARC details
000 -LEADER
fixed length control field 00398nam a22001697a 4500
003 - CONTROL NUMBER IDENTIFIER
control field SGT
020 ## - INTERNATIONAL STANDARD BOOK NUMBER
International Standard Book Number 9788131264973
082 ## - DEWEY DECIMAL CLASSIFICATION NUMBER
Classification number 612.015
Item number E21S
100 ## - MAIN ENTRY--PERSONAL NAME
Personal name SATYANARAYANA, U.
245 ## - TITLE STATEMENT
Title ESSENTIONALS OF BIOCHEMISTRY
250 ## - EDITION STATEMENT
Edition statement 3RD
260 ## - PUBLICATION, DISTRIBUTION, ETC. (IMPRINT)
Place of publication, distribution, etc INDIA
Name of publisher, distributor, etc ELSEVIER PUB
Year of Publication 2021
300 ## - PAGE DESCRIPTION
No. of Pages 441
650 ## - SUBJECT ADDED ENTRY--TOPICAL TERM
Topical term or geographic name as entry element BIOCHEMISTRY
653 ## - KEYWORDS--INDEX TERM
Keyword term ESSENTIONALS OF BIOCHEMISTRY
942 ## - ADDED ENTRY ELEMENTS (KOHA)
Source of classification or shelving scheme Dewey Decimal Classification
Koha item type Books
942 ## - ADDED ENTRY ELEMENTS (KOHA)
-- 101
Holdings
Withdrawn status Lost status Source of classification or shelving scheme Damaged status Not for loan Collection code Home library Current library Shelving location Date acquired Vendor Name Cost, normal purchase price SGTU Bill Number Full call number Accession No. (Barcode) Date last seen Bill Date Koha item type Total Checkouts Total Renewals Date last borrowed
    Dewey Decimal Classification   Not For Loan NURSING SGT Medical Library SGT Medical Library Reference Book 02/09/2023 ABC DELHI 845.00 SGTU 16927 612.015 E21S FN5181 02/09/2023 20/06/2023 Books      
    Dewey Decimal Classification     NURSING SGT Medical Library SGT Medical Library Text Book 02/09/2023 ABC DELHI 845.00 SGTU 16927 612.015 E21S FN5182 03/06/2026 20/06/2023 Books 36 2 02/06/2026
    Dewey Decimal Classification     NURSING SGT Medical Library SGT Medical Library Text Book 02/09/2023 ABC DELHI 845.00 SGTU 16927 612.015 E21S FN5183 02/06/2026 20/06/2023 Books 33 5 18/05/2026
    Dewey Decimal Classification     NURSING SGT Medical Library SGT Medical Library Text Book 02/09/2023 ABC DELHI 845.00 SGTU 16927 612.015 E21S FN5184 05/06/2026 20/06/2023 Books 35 3 23/05/2026
    Dewey Decimal Classification     NURSING SGT Medical Library SGT Medical Library Text Book 02/09/2023 ABC DELHI 845.00 SGTU 16927 612.015 E21S FN5185 05/06/2026 20/06/2023 Books 47   18/05/2026